Statystyki dla Wybierz państwo

Kliknij tutaj aby rozwiązać quiz!

Ogólne statystyki

  • Ten quiz został rozwiązany 37 razy
  • Średni wynik to 37 z 45

Statystyki odpowiedzi

ZagadnienieKomórkaSelect% Poprawnych
Wybierz państwo które jest jednym z 7 największych państw świata (trzy poprawne odpowiedzi)Nie
100%
Wybierz państwo które graniczy z Europą (jedna poprawna odpowiedź)Nie
97%
Wybierz państwo które graniczy z Europą (jedna poprawna odpowiedź)Nie
97%
Wybierz państwo które graniczy z Europą (jedna poprawna odpowiedź)Nie
97%
Wybierz państwo które jest jednym z 7 największych państw świata (trzy poprawne odpowiedzi)Nie
94%
Wybierz państwo które graniczy z Europą (jedna poprawna odpowiedź)Nie
94%
Wybierz państwo które jest jednym z 7 największych państw świata (trzy poprawne odpowiedzi)Nie
94%
Wybierz państwo które graniczy z Europą (jedna poprawna odpowiedź)Nie
94%
Wybierz państwo które jest jednym z 7 największych państw świata (trzy poprawne odpowiedzi)Nie
94%
Wybierz państwo które jest jednym z 7 największych państw świata (trzy poprawne odpowiedzi)Nie
91%
Wybierz państwo które nie graniczy z Rosją (jedna poprawna odpowiedź)Nie
91%
Wybierz państwo które jest jednym z 7 największych państw świata (trzy poprawne odpowiedzi)Tak
91%
Wybierz państwo które nie graniczy z Rosją (jedna poprawna odpowiedź)Nie
91%
Wybierz państwo które graniczy z Europą (jedna poprawna odpowiedź)Nie
91%
Wybierz państwo które nie graniczy z Rosją (jedna poprawna odpowiedź)Nie
91%
Wybierz państwo które jest jednym z 7 największych państw świata (trzy poprawne odpowiedzi)Nie
91%
Wybierz państwo które graniczy z Europą (jedna poprawna odpowiedź)Nie
91%
Wybierz państwo którego stolica zaczyna się na literę N (trzy poprawne odpowiedzi)Nie
91%
Wybierz państwo które nie graniczy z Morzem Śródziemnym (dwie poprawne odpowiedzi)Nie
91%
Wybierz państwo które jest jednym z 7 największych państw świata (trzy poprawne odpowiedzi)Tak
91%
Wybierz państwo które nie graniczy z Rosją (jedna poprawna odpowiedź)Nie
88%
Wybierz państwo które nie graniczy z Morzem Śródziemnym (dwie poprawne odpowiedzi)Nie
88%
Wybierz państwo które nie graniczy z Rosją (jedna poprawna odpowiedź)Nie
88%
Wybierz państwo które nie graniczy z Rosją (jedna poprawna odpowiedź)Nie
88%
Wybierz państwo którego stolica zaczyna się na literę N (trzy poprawne odpowiedzi)Nie
85%
Wybierz państwo które nie graniczy z Rosją (jedna poprawna odpowiedź)Nie
85%
Wybierz państwo które graniczy z Europą (jedna poprawna odpowiedź)Nie
85%
Wybierz państwo które nie graniczy z Morzem Śródziemnym (dwie poprawne odpowiedzi)Nie
82%
Wybierz państwo które nie graniczy z Morzem Śródziemnym (dwie poprawne odpowiedzi)Nie
82%
Wybierz państwo którego stolica zaczyna się na literę N (trzy poprawne odpowiedzi)Nie
82%
Wybierz państwo które nie graniczy z Morzem Śródziemnym (dwie poprawne odpowiedzi)Nie
82%
Wybierz państwo którego stolica zaczyna się na literę N (trzy poprawne odpowiedzi)Nie
82%
Wybierz państwo którego stolica zaczyna się na literę N (trzy poprawne odpowiedzi)Nie
76%
Wybierz państwo które jest jednym z 7 największych państw świata (trzy poprawne odpowiedzi)Tak
76%
Wybierz państwo które nie graniczy z Morzem Śródziemnym (dwie poprawne odpowiedzi)Nie
73%
Wybierz państwo które nie graniczy z Rosją (jedna poprawna odpowiedź)Nie
67%
Wybierz państwo które graniczy z Europą (jedna poprawna odpowiedź)Tak
67%
Wybierz państwo które nie graniczy z Morzem Śródziemnym (dwie poprawne odpowiedzi)Nie
64%
Wybierz państwo które nie graniczy z Rosją (jedna poprawna odpowiedź)Tak
64%
Wybierz państwo którego stolica zaczyna się na literę N (trzy poprawne odpowiedzi)Tak
61%
Wybierz państwo którego stolica zaczyna się na literę N (trzy poprawne odpowiedzi)Nie
58%
Wybierz państwo którego stolica zaczyna się na literę N (trzy poprawne odpowiedzi)Tak
55%
Wybierz państwo które nie graniczy z Morzem Śródziemnym (dwie poprawne odpowiedzi)Tak
48%
Wybierz państwo którego stolica zaczyna się na literę N (trzy poprawne odpowiedzi)Tak
45%
Wybierz państwo które nie graniczy z Morzem Śródziemnym (dwie poprawne odpowiedzi)Tak
42%

Rozkład punktacji

Percentyl według liczby udzielonych odpowiedzi

Procent ludzi z każdym wynikiem

Twoja historia wyników

Nie rozwiązałeś tego quizu